000 01323nam a22002897a 4500
999 _c65407
_d65407
005 20240530110823.0
008 190724s2019 ua g b | 000 0 ara d
017 _a2018/8957
_bمصر. دار الكتب
020 _a9789778122756
040 _aEG-CaGPL
_cEG-CaGPL
082 0 4 _221
_a359.0953/
_bع أ
100 0 _aعماد علو
245 1 2 _aالاستراتيجية البحرية الاسلامية فى البحر المتوسط فى القرنين الثالث والرابع الهجريين = Islamic Maritime Strategy at the Mediterranean In 3th and 4th Centuries AH/
_cعماد علو
246 1 1 _aIslamic Maritime Strategy at the Mediterranean In 3th and 4th Centuries AH
250 _aط.1
260 _aالقاهرة :
_bالمكتب العربى للمعارف،
_c2019.
300 _a206 ص. ؛
_c24 سم.
504 _aيشتمل على ارجاعات ببليوجرافية
650 0 7 _2qrmak
_aالبحرية
650 0 7 _2qrmak
_aالتاريخ البحرى
651 _2qrmak
653 0 _aالتاريخ البحرى - البحر المتوسط
653 0 _aالتاريخ البحرى - القرن الثالث الهجرى
653 0 _aالتاريخ البحرى - القرن الرابع الهجرى
942 _2ddc
_cBK